000 00509nam a2200169 i 4500
001 92247
003 ES-MaACL
005 20230906180927.0
007 t|
008 050224s1962 sp ||||1| spa d
100 1 _aLichnerowicz, A.
_972177
245 1 0 _aElememtos de cálculo tensorial /
_cA. Lichnerowicz; traducción de Julio Porcel Moleon.
260 _aMadrid :
_bAguilar,
_c1962.
300 _aXVI, 268 p. ;
_c18 cm.
700 1 _aPorcel Moleón, Julio.
_993116
852 _aES-MaACL
_jC-22099
_bR.50731
999 _c92247
_d92247